000 00811pam a2200265 a 4500
005 20260322212057.0
008 data
010 _a 81012996
020 _a0823049167
020 _a9780823049165
040 _aDLC
_cDLC
_dDLC
050 0 0 _aNC730
_b.B54 1981
082 0 0 _a741.2
_219
092 _a741.2 B54 1981
100 1 _aBlake, Wendon.
245 1 0 _aStarting to draw /
_cWendon Blake & Ferdinand Petrie.
260 _aDon Mills, Ont. :
_bGeneral Pub. Co.,
_aDon Mills, Ont. :
_bGeneral Pub. Co.,
_cc1981.
300 _a80 p. :
_bill. ;
_c28 cm.
490 1 _aThe artist's painting library
500 _aOriginally published as pt. 1 of The drawing book.
650 0 _aDrawing
_xTechnique.
700 1 _aPetrie, Ferdinand,
_d1925-
800 1 _aBlake, Wendon.
_tArtist's painting library.
001 data
999 _c1355
_d1355